A guide to the parables /

Bibliographic Details
Main Author: Hargreaves, John, 1911-2008
Format: Book
Language:English
Published: Valley Forge, PA : Judson Press, 1975
Subjects:

MARC

Tag First Indicator Second Indicator Subfields
LEADER 00000pam a2200000 i 4500
001 in00000509721
005 20151013063904.0
008 740912c19751968paua b 00110 eng
010 |a  74020518  
020 |a 0817006532 :  |c $3.95 
035 |a (OCoLC)01085684 
035 |9 ACD5726AM 
040 |a DLC  |c DLC  |d TXA  |d UtOrBLW 
049 |a TXAM  |c [1532804] 
050 0 0 |a BT377  |b .H3 1975 
082 0 |a 226/.8/007 
100 1 |a Hargreaves, John,  |d 1911-2008. 
245 1 2 |a A guide to the parables /  |c John Hargreaves ; with a foreword by C. H. Dodd. 
264 1 |a Valley Forge, PA :  |b Judson Press,  |c 1975 
264 4 |c ©1968 
300 |a 11 unnumbered pages, 132 pages :  |b illustrations ;  |c 22 cm. 
336 |a text  |b txt  |2 rdacontent 
337 |a unmediated  |b n  |2 rdamedia 
338 |a volume  |b nc  |2 rdacarrier 
500 |a Includes index. 
504 |a Bibliogrpahy: 11th prelim. page. 
600 0 0 |a Jesus Christ  |x Parables  |x Study and teaching. 
999 |a MARS 
999 f f |s d88bb5ee-084d-3767-af63-848e5ab90dd7  |i 710ae458-64f4-3e1a-a4b6-4040ae96ee97  |t 0 
952 f f |p normal  |a Texas A&M University  |b College Station  |c Sterling C. Evans Library  |d Evans: Library Stacks  |t 0  |e BT377 .H3 1975  |h Library of Congress classification  |i unmediated -- volume  |m A14801792186 
998 f f |a BT377 .H3 1975  |t 0  |l Evans: Library Stacks